000 00871nas a2200265 4500
001 BR2014005383
003 BR-BrBNA
005 20231205124436.0
007 ta
008 230509b bl.|||p| |||| 00| 00por d
040 _aBR-BrBNA
_bpor
_cBiblioteca Nacional de Agricultura
041 _a(Pt)
072 _aF01; P40
100 1 _aMartins, R.M.
100 1 _aPinho, S.Z. de
100 1 _aGonçalves, S.L.
245 1 _aUtilização da técnica hierárquica aglomerativa pelo método do vizinho mais próximo do risco de geada no estado do Paraná para a cultura do milho safrinha
650 _aPLANTIO
650 _aZEA MAYS
650 _aTEMPERATURA
650 _aINVERNO
773 0 _tEnergia na Agricultura (Brazil)
_xISSN 1808-8759
_g(Jul-Sep 2008), V. 23(3) p. 95-107
_wBR2014005383
909 _a202311
_bLúcia
_c55
_dLúcia Elande
942 _2AGRIS
_n0
_cANA
999 _c239102
_d239102